Statistiques concernant Pays asiatiques les plus chrétiens

Cliquez ici pour prendre le quiz!

Statistiques générales

  • Ce quiz a été pris 118 fois
  • Le résultat moyen est 5 sur 10

Statistiques - réponses

%pays% Correct
99Arménie
76%
93,1Philippines
74%
31,6Corée du Sud
63%
40Liban
61%
26,2Kazakhstan
49%
99Timor Oriental
48%
18Singapour
42%
73Chypre
40%
25Kirghizistan
29%
15Emirats Arabes Unis
9%

Distribution des résultats

Percentile par nombre de réponses

% des personnes avec chaque résultat

Votre développement - résultats

Vous n’avez pas pris ce quiz